00330nam a2200121Ia 4500008004100000041000800041082001500049100001300064245004000077260005100117300002900168365001100197240624s9999 xx 000 0 und d aeng a344.01 PUR aPURI S D aBOMBAY LABOUR WELFARE FUND ACT 1953 c2008aMumbaibSnow White Publication Pvt. Ltd. axi, : 20 : p. : cm. ; 24 cRSb15